000 00973nam a22002417a 4500
005 20240530110616.0
008 161129s2015 ua a g b 000 0dara d
017 _a2015/15043
_bمصر. دار الكتب
020 _a9789777220538
040 _aEG-CaGPL
_cEG-CaGPL
082 0 4 _221
_a371.334\
_bط ت
100 0 _aطارق عبدالرؤوف عامر .
245 1 2 _aالتعليم الالكترونى و التعليم الافتراضى :
_bاتجاهات عالمية معاصرة /
_cطارق عبدالرؤوف عامر .
250 _aط.1
260 _aالقاهرة :
_bالمجموعة العربية للتدريب و النشر ،
_c2015 .
300 _a325 ص ؛
_c24 سم .
504 _aببليوجرافية : ص 301 - 325
650 0 7 _2qrmak
_aالتعليم الالكترونى .
650 0 7 _2qrmak
_aالتعليم الالكترونى
_xنظم .
651 _2qrmak
942 _2ddc
_cBK
999 _c62953
_d62953